000 00616nam a2200253Ia 4500
005 20260121161212.0
008 008 260114s9999 xx 000 0 eng d
020 _a9781003308638
037 _aEBOOK
040 _aCRL
040 _beng
040 _cCRL
041 _2eng
041 _aeng
084 _qCRL
100 _aSarah C. Malanowski; Nicholas R. Baima
_91041463
245 0 _aWhy It's OK to Be a Gamer:
260 _bTaylor and Francis
260 _c2024
856 _uhttp://www.taylorfrancis.com/books/9781003308638
942 _cEBOOK
999 _c1608279
_d1608279